000 01571cam a2200253 4500
008 000000n2003 000 0 eng u
020 _a0728204142
035 _a(Sirsi) u122436
041 _aeng.
050 _a333.332094
_c18
110 _aTEGoVA
_93466
245 _aEuropean valuation standards 2003
250 _a5th ed.
260 _aLondon
_bEstates Gazette
_c2003
300 _axii, 402p.
_bill.
_c22cm.
350 _a75
520 _aThis text is targeted at those who commission and use valuations, as well as the valuers and appraisers who carry them out. It serves as a benchmark against which consistent reports can be prepared for clients. This fifth edition includes material on valuations for securitisation purposes, the effect of market shock, corporate governance and the valuation of agricultural properties. Contends to serve as the only authoritative standards adapted to the particular circumstances that prevail in Europe.
520 _aMembers who have purchased the "European valuation standards 2003" can access it at www.egi.co.uk/europeanvaluationstandards.asp using the username and password issued to you. Other RICS members may use the electronic version via the public access terminals in the RICS Library - please ask Library Staff for details.
650 _aEUROPE
650 _aEUROPEAN VALUATION STANDARDS
690 _aPROPERTY-PROPERTY APPRAISAL AND VALUATION
856 _uhttps://www.egi.co.uk/europeanvaluationstandards.asp
_zView the standards on the EGi website using your username and password...
942 _n0
999 _c102842
_d102842